000 00671nam a22002175i 4500
001 172058
003 ES-MaACL
005 20230906214815.0
008 090612s1966 sp |||| | spa d
080 _a616-07(04)
080 _a614.253(04)
100 1 _aSournia, Jean-Charles.
_9140654
245 1 0 _aLógica y moral del diagnóstico
_b: intento de metodología /
_cJean-Charles Sournia.
250 _a[1ª ed.].
260 _aBarcelona :
_bSeix Barral,
_c1966.
300 _a163 p. ;
_c18 cm.
650 1 4 _aLógica médica.
_9140655
650 0 4 _aMédicos-
_xMoral profesional.
_914942
700 1 _aPetit, Nuria.
_991509
852 4 _aES-MaACL
_jC-31996
_9R.61596
999 _c172058
_d172058